Leporelo (vstupenka do literatúry)

Bibliographic Details
Main Author: Stanislavová, Zuzana, 1951- (Author)
Format: Article
Language:Slovak
ISSN:1335-7263
Subjects:

MARC

LEADER 00000nab a2200000 a 4500
001 vtls009284043
003 SK-MaSNL
005 20260304181656.0
008 140429c2007 xo |r|p|||||||000 b|slo
015 |a SNBRB2008/04  |2 snkbucl 
038 |a SNKBUCL 
040 |a SNKBUCL  |b slo  |c SNKBUCL  |e AACR2 
041 0 |a slo 
044 |a xo  |c SK 
080 |a 82.09:821.162.4-93  |2 2001 
080 |a 087.5  |x (0.025.2)  |2 2001 
080 |a 087.5-053.4  |2 2001 
080 |a 821.162.4-93.09  |2 2001 
080 |a 821.162.4(0.053.2).09  |2 2001 
100 1 |a Stanislavová, Zuzana,  |d 1951-  |4 aut  |9 88135 
245 1 0 |a Leporelo  |b (vstupenka do literatúry)  |c Zuzana Stanislavová 
504 |a Literatúra 
650 0 7 |a literatúra pre deti  |2 snkbucl  |9 55721 
650 0 7 |a slovenská literatúra  |2 snkbucl  |9 1115 
650 0 7 |a leporelo  |2 snkbucl  |9 1264418 
773 0 |t Bibiana  |g Roč. XIV, č. 4 (2007), s. 26-31  |x 1335-7263 
852 |a SNK  |b KIS3GCP 
958 |a LX 
958 |a SK 
958 |a NB 
999 |c 3025308  |d 3027238